Critical Review of the Great Debate on African Philosophy (1970-1990) (Record no. 4299)

MARC details
000 -LEADER
fixed length control field 00429nam a22001457a 4500
008 - FIXED-LENGTH DATA ELEMENTS--GENERAL INFORMATION
fixed length control field 250714b |||||||| |||| 00| 0 eng d
020 ## - INTERNATIONAL STANDARD BOOK NUMBER
ISBN N.ISBN
100 ## - MAIN ENTRY--AUTHOR
Author Nwala Uzodinma T.
245 ## - TITLE STATEMENT
Title Critical Review of the Great Debate on African Philosophy (1970-1990)
260 ## - PUBLICATION, DISTRIBUTION, ETC. (IMPRINT)
Place of publication Abuja
Name of publisher Niger Books and Publishing company Ltd.
Date of publication 2010
300 ## - COLLATION
Pagination xvii, 182p.
650 ## - TRACINGS
Main Subject Philosophy, African
942 ## - ADDED ENTRY ELEMENTS (KOHA)
Item type Books
050 ## - LIBRARY OF CONGRESS CALL NUMBER
Classification number B5320
Item number .N83
Holdings
Source of classification or shelving scheme Not for loan Permanent location Current location Date acquired Accession No. Full call number Barcode. Koha item type
Library of Congress Classification   Samuel Ogbemudia Main Library, University of Abuja Samuel Ogbemudia Main Library, University of Abuja 07/14/2025 2017/481296-98 B5320.N83 2025-3058 Books
Library of Congress Classification   Samuel Ogbemudia Main Library, University of Abuja Samuel Ogbemudia Main Library, University of Abuja 07/14/2025 2017/481296-98 B5320.N83 2025-3059 Books
Library of Congress Classification   Samuel Ogbemudia Main Library, University of Abuja Samuel Ogbemudia Main Library, University of Abuja 07/14/2025 2017/481296-98 B5320.N83 2025-3060 Books